|
|
|
|
| LEADER |
00698cam a2200169 4500 |
| 008 |
710412s1971 nyu b 000 0 eng |
| 082 |
0 |
0 |
|a 190
|2 19
|
| 100 |
1 |
|
|a Stumpf, Samuel Enoch
|
| 245 |
1 |
0 |
|a Philosophical problems :
|b selected readings in ethics, religion, political philosophy, epistemology, and metaphysics /
|c Samuel Enoch Stumpf
|
| 260 |
|
|
|a New York :
|b McGraw-Hill,
|c [1971].
|
| 300 |
|
|
|a ix, 368 p. ;
|c 23 cm.
|
| 504 |
|
|
|a Bibliography: p. [354]-368.
|
| 650 |
|
0 |
|a Philosophy.
|
| 906 |
|
|
|a 7
|b cbc
|c orignew
|d 2
|e ncip
|f 19
|g y-gencatlg
|
| 942 |
|
|
|c BK
|
| 999 |
|
|
|c 274232
|d 274232
|
| 952 |
|
|
|0 0
|1 0
|2 ddc
|4 0
|6 190_000000000000000_STU_P
|7 0
|9 308598
|a PHL
|b PHL
|c ST1
|d 2015-02-03
|i 1472
|o 190 STU/P
|p PHL1472
|r 2015-02-03
|y BK
|